000 00296nam a22001337a 4500
008 170527b xxu||||| |||| 00| 0 eng d
020 _a0201075873
041 _aeng
080 _a621.3
100 _a26
101 _aIM
245 _aPATTERN RECOGNITION PRINCIPLES
_cTOU, J.T
942 _2udc
_cBK
999 _c14659
_d14659